000 00667nam a22002537a 4500
001 24027
003 UA-OsUOA
005 20230115135029.0
007 ta
008 20040205b un ||||| |||| 00| 0 ukr d
020 _a5-94201-206-7
040 _aUA-OsUOA
_brus
_cUA-OsUOA
_dUA-OsUOA
041 _arus
044 _aRU
080 _a340.12(075.8)
090 _a340.12(075.8)
_bЗ-19
100 _aЗакомлистов А. Ф.
245 _aЮридическая философия
260 _aСанкт-Петербург
_b"Юридический центр Пресс"
_c2003
300 _a548 с.
650 7 _2UDC
942 _cBK
_2udc
955 _a0
999 _c310290
_d310290